[Event "Icelandic Team Championship 2021"]
[Site "Reykjavik"]
[Date "2021.10.01"]
[Round "2.22"]
[White "Petursson, Gudni"]
[Black "Viglundsson, Bjorgvin"]
[Result "1/2-1/2"]
[WhiteElo "2016"]
[BlackElo "2219"]

1. d4 {[%clk 01:30:48]} {[%emt 00:00:11]} Nf6 {[%clk 01:30:53]} {[%emt
00:00:08]} 2. Nf3 {[%clk 01:30:48]} {[%emt 00:00:30]} d5 {[%clk 01:31:11]}
{[%emt 00:00:12]} 3. Bf4 {[%clk 01:31:09]} {[%emt 00:00:09]} e6 {[%clk
01:31:31]} {[%emt 00:00:10]} 4. e3 {[%clk 01:31:17]} {[%emt 00:00:22]} c5
{[%clk 01:31:38]} {[%emt 00:00:22]} 5. c3 {[%clk 01:31:41]} {[%emt 00:00:06]}
Nc6 {[%clk 01:32:00]} {[%emt 00:00:09]} 6. Nbd2 {[%clk 01:31:46]} {[%emt
00:00:25]} cxd4 {[%clk 01:31:46]} {[%emt 00:00:44]} 7. exd4 {[%clk 01:32:10]}
{[%emt 00:00:06]} Nh5 {[%clk 01:32:00]} {[%emt 00:00:15]} 8. Be5 {[%clk
01:28:38]} {[%emt 00:04:03]} f6 {[%clk 01:29:35]} {[%emt 00:02:55]} 9. Bg3
{[%clk 01:29:00]} {[%emt 00:00:08]} Nxg3 {[%clk 01:23:59]} {[%emt 00:06:05]} 10.
hxg3 {[%clk 01:29:22]} {[%emt 00:00:07]} f5 {[%clk 01:21:24]} {[%emt 00:03:06]}
11. Bb5 {[%clk 01:24:51]} {[%emt 00:05:01]} Bd6 {[%clk 01:18:53]} {[%emt
00:03:01]} 12. Qe2 {[%clk 01:24:50]} {[%emt 00:00:30]} Qf6 {[%clk 01:18:04]}
{[%emt 00:01:18]} 13. Ne5 {[%clk 01:20:16]} {[%emt 00:05:05]} Bxe5 {[%clk
01:14:00]} {[%emt 00:04:33]} 14. dxe5 {[%clk 01:18:26]} {[%emt 00:02:21]} Qf7
{[%clk 01:10:39]} {[%emt 00:03:51]} 15. Nf3 {[%clk 01:18:18]} {[%emt 00:00:37]}
Bd7 {[%clk 01:09:40]} {[%emt 00:01:29]} 16. Qe3 {[%clk 01:16:30]} {[%emt
00:02:18]} h6 {[%clk 01:07:54]} {[%emt 00:02:17]} 17. O-O {[%clk 01:15:53]}
{[%emt 00:01:07]} O-O {[%clk 01:06:57]} {[%emt 00:01:26]} 18. c4 {[%clk
01:11:37]} {[%emt 00:04:47]} a6 {[%clk 00:51:31]} {[%emt 00:15:56]} 19. cxd5
{[%clk 01:06:20]} {[%emt 00:05:47]} axb5 {[%clk 00:51:49]} {[%emt 00:00:11]} 20.
dxc6 {[%clk 01:06:45]} {[%emt 00:00:04]} Bxc6 {[%clk 00:51:30]} {[%emt
00:00:49]} 21. Nd4 {[%clk 01:06:59]} {[%emt 00:00:17]} Rfd8 {[%clk 00:48:49]}
{[%emt 00:03:10]} 22. Nxc6 {[%clk 01:06:14]} {[%emt 00:01:16]} bxc6 {[%clk
00:49:11]} {[%emt 00:00:08]} 23. Rfc1 {[%clk 01:06:09]} {[%emt 00:00:34]} Ra6
{[%clk 00:48:38]} {[%emt 00:01:03]} 24. a3 {[%clk 01:04:52]} {[%emt 00:01:48]}
Rd5 {[%clk 00:48:12]} {[%emt 00:00:55]} 25. Rd1 {[%clk 01:00:02]} {[%emt
00:05:21]} Qd7 {[%clk 00:46:55]} {[%emt 00:01:46]} 26. Rxd5 {[%clk 01:00:24]}
{[%emt 00:00:09]} Qxd5 {[%clk 00:45:38]} {[%emt 00:01:47]} 27. Rc1 {[%clk
01:00:10]} {[%emt 00:00:44]} Kh7 {[%clk 00:44:10]} {[%emt 00:01:58]} 28. Qc5
{[%clk 00:59:29]} {[%emt 00:01:11]} 1/2-1/2

[Event "Icelandic Team Championship 2021"]
[Site "Reykjavik"]
[Date "2021.10.01"]
[Round "2.23"]
[White "Salama, Omar"]
[Black "Sigurjonsson, Stefan Th."]
[Result "0-1"]
[WhiteElo "2179"]
[BlackElo "2088"]

1. d4 {[%clk 01:30:53]} {[%emt 00:00:06]} d5 {[%clk 01:30:54]} {[%emt
00:00:06]} 2. c4 {[%clk 01:31:11]} {[%emt 00:00:12]} e6 {[%clk 01:30:59]}
{[%emt 00:00:26]} 3. Nc3 {[%clk 01:31:21]} {[%emt 00:00:19]} Nf6 {[%clk
01:31:20]} {[%emt 00:00:09]} 4. cxd5 {[%clk 01:31:27]} {[%emt 00:00:24]} exd5
{[%clk 01:31:37]} {[%emt 00:00:13]} 5. Bg5 {[%clk 01:31:30]} {[%emt 00:00:26]}
Be7 {[%clk 01:30:08]} {[%emt 00:02:00]} 6. e3 {[%clk 01:31:48]} {[%emt
00:00:13]} O-O {[%clk 01:29:00]} {[%emt 00:01:38]} 7. Bd3 {[%clk 01:31:52]}
{[%emt 00:00:26]} Re8 {[%clk 01:28:09]} {[%emt 00:01:21]} 8. Qc2 {[%clk
01:28:06]} {[%emt 00:04:15]} h6 {[%clk 01:28:04]} {[%emt 00:00:36]} 9. Bh4
{[%clk 01:28:17]} {[%emt 00:00:19]} Nc6 {[%clk 01:27:19]} {[%emt 00:01:16]} 10.
a3 {[%clk 01:27:55]} {[%emt 00:00:51]} Ne4 {[%clk 01:22:42]} {[%emt 00:05:07]}
11. Bxe7 {[%clk 01:27:37]} {[%emt 00:00:49]} Rxe7 {[%clk 01:22:57]} {[%emt
00:00:16]} 12. Nge2 {[%clk 01:12:53]} {[%emt 00:15:13]} Nxc3 {[%clk 01:17:27]}
{[%emt 00:06:00]} 13. bxc3 {[%clk 01:11:39]} {[%emt 00:01:44]} Qd6 {[%clk
01:16:42]} {[%emt 00:01:15]} 14. O-O {[%clk 01:11:00]} {[%emt 00:01:09]} Bd7
{[%clk 01:14:14]} {[%emt 00:02:57]} 15. Ng3 {[%clk 01:10:25]} {[%emt 00:01:06]}
b6 {[%clk 01:08:52]} {[%emt 00:05:52]} 16. Rfc1 {[%clk 00:56:35]} {[%emt
00:14:21]} Na5 {[%clk 01:06:56]} {[%emt 00:02:26]} 17. c4 {[%clk 00:42:15]}
{[%emt 00:14:50]} dxc4 {[%clk 01:04:37]} {[%emt 00:02:48]} 18. Bxc4 {[%clk
00:42:27]} {[%emt 00:00:19]} Nxc4 {[%clk 01:00:33]} {[%emt 00:04:35]} 19. Qxc4
{[%clk 00:42:54]} {[%emt 00:00:02]} Be6 {[%clk 00:40:00]} {[%emt 00:21:02]} 20.
Qa6 {[%clk 00:43:10]} {[%emt 00:00:14]} f5 {[%clk 00:36:56]} {[%emt 00:03:34]}
21. Ne2 {[%clk 00:41:57]} {[%emt 00:01:43]} g5 {[%clk 00:29:30]} {[%emt
00:07:56]} 22. Nc3 {[%clk 00:38:05]} {[%emt 00:04:23]} c6 {[%clk 00:29:38]}
{[%emt 00:00:22]} 23. Qe2 {[%clk 00:35:14]} {[%emt 00:03:21]} Rc8 {[%clk
00:27:57]} {[%emt 00:02:12]} 24. h4 {[%clk 00:32:27]} {[%emt 00:03:17]} Rg7
{[%clk 00:26:52]} {[%emt 00:01:34]} 25. Qh5 {[%clk 00:30:54]} {[%emt 00:02:03]}
Bf7 {[%clk 00:20:23]} {[%emt 00:07:00]} 26. Qf3 {[%clk 00:31:08]} {[%emt
00:00:15]} Qg6 {[%clk 00:16:59]} {[%emt 00:03:54]} 27. hxg5 {[%clk 00:24:27]}
{[%emt 00:07:11]} hxg5 {[%clk 00:16:59]} {[%emt 00:00:29]} 28. e4 {[%clk
00:24:35]} {[%emt 00:00:22]} f4 {[%clk 00:15:53]} {[%emt 00:01:36]} 29. d5
{[%clk 00:23:03]} {[%emt 00:02:02]} Qh6 {[%clk 00:13:33]} {[%emt 00:02:49]} 30.
Qg4 {[%clk 00:17:18]} {[%emt 00:06:16]} Rd8 {[%clk 00:13:57]} {[%emt 00:00:06]}
31. Qf5 {[%clk 00:09:10]} {[%emt 00:08:38]} Rh7 {[%clk 00:13:02]} {[%emt
00:01:24]} 32. f3 {[%clk 00:06:01]} {[%emt 00:03:40]} Qh2+ {[%clk 00:12:08]}
{[%emt 00:01:24]} 33. Kf2 {[%clk 00:06:13]} {[%emt 00:00:18]} Qg3+ {[%clk
00:12:01]} {[%emt 00:00:38]} 34. Kg1 {[%clk 00:01:43]} {[%emt 00:05:00]} Rh2
{[%clk 00:12:25]} {[%emt 00:00:05]} 35. Rc2 {[%clk 00:01:36]} {[%emt 00:00:37]}
Qh4 {[%clk 00:12:47]} {[%emt 00:00:06]} 36. Kf1 {[%clk 00:01:57]} {[%emt
00:00:10]} Rh1+ {[%clk 00:12:57]} {[%emt 00:00:21]} 37. Ke2 {[%clk 00:02:26]}
{[%emt 00:00:01]} Rxa1 {[%clk 00:13:10]} {[%emt 00:00:16]} 38. Qf6 {[%clk
00:02:34]} {[%emt 00:00:22]} Qe1+ {[%clk 00:09:03]} {[%emt 00:04:37]} 39. Kd3
{[%clk 00:02:57]} {[%emt 00:00:08]} Qe3+ {[%clk 00:09:14]} {[%emt 00:00:18]} 40.
Kc4 {[%clk 00:03:15]} {[%emt 00:00:14]} cxd5+ {[%clk 00:09:25]} {[%emt
00:00:19]} 41. exd5 {[%clk 00:00:57]} {[%emt 00:02:48]} Qc5+ {[%clk 00:04:57]}
{[%emt 00:04:58]} 42. Kd3 {[%clk 00:01:04]} {[%emt 00:00:22]} Rxd5+ {[%clk
00:04:38]} {[%emt 00:00:49]} 43. Nxd5 {[%clk 00:01:16]} {[%emt 00:00:18]} Qxd5+
{[%clk 00:05:03]} {[%emt 00:00:05]} 44. Kc3 {[%clk 00:00:58]} {[%emt 00:00:48]}
Rxa3+ {[%clk 00:05:15]} {[%emt 00:00:17]} 45. Kb2 {[%clk 00:01:21]} {[%emt
00:00:07]} Qb5+ {[%clk 00:04:17]} {[%emt 00:01:28]} 46. Kc1 {[%clk 00:01:27]}
{[%emt 00:00:25]} Qf1+ {[%clk 00:04:39]} {[%emt 00:00:08]} 0-1

[Event "Icelandic Team Championship 2021"]
[Site "Reykjavik"]
[Date "2021.10.02"]
[Round "3.1"]
[White "Hjartarson, Johann"]
[Black "Hillarp Persson, Tiger"]
[Result "0-1"]
[WhiteElo "2519"]
[BlackElo "2541"]

1. e4 {[%clk 01:30:54]} {[%emt 00:00:04]} c5 {[%clk 01:30:56]} {[%emt
00:00:06]} 2. Nf3 {[%clk 01:31:12]} {[%emt 00:00:12]} d6 {[%clk 01:31:20]}
{[%emt 00:00:06]} 3. d4 {[%clk 01:31:35]} {[%emt 00:00:07]} cxd4 {[%clk
01:31:41]} {[%emt 00:00:09]} 4. Nxd4 {[%clk 01:32:00]} {[%emt 00:00:05]} Nf6
{[%clk 01:32:03]} {[%emt 00:00:10]} 5. Nc3 {[%clk 01:32:26]} {[%emt 00:00:03]}
a6 {[%clk 01:32:28]} {[%emt 00:00:05]} 6. Be3 {[%clk 01:32:38]} {[%emt
00:00:18]} e5 {[%clk 01:32:17]} {[%emt 00:00:41]} 7. Nb3 {[%clk 01:32:59]}
{[%emt 00:00:08]} Be6 {[%clk 01:32:30]} {[%emt 00:00:17]} 8. h3 {[%clk
01:33:03]} {[%emt 00:00:25]} Be7 {[%clk 01:31:42]} {[%emt 00:01:19]} 9. f4
{[%clk 01:33:12]} {[%emt 00:00:21]} exf4 {[%clk 01:31:43]} {[%emt 00:00:29]} 10.
Bxf4 {[%clk 01:33:34]} {[%emt 00:00:06]} g6 {[%clk 01:32:05]} {[%emt 00:00:08]}
11. Qf3 {[%clk 01:19:15]} {[%emt 00:14:49]} Nh5 {[%clk 01:27:43]} {[%emt
00:04:53]} 12. Bh2 {[%clk 01:19:28]} {[%emt 00:00:16]} Bh4+ {[%clk 01:22:59]}
{[%emt 00:05:15]} 13. g3 {[%clk 01:19:36]} {[%emt 00:00:22]} Bg5 {[%clk
01:21:54]} {[%emt 00:01:35]} 14. Bg2 {[%clk 01:08:13]} {[%emt 00:11:53]} Nc6
{[%clk 01:19:51]} {[%emt 00:02:33]} 15. Qf2 {[%clk 00:58:29]} {[%emt 00:10:14]}
Ne5 {[%clk 00:58:28]} {[%emt 00:21:53]} 16. O-O {[%clk 00:55:52]} {[%emt
00:03:06]} O-O {[%clk 00:55:00]} {[%emt 00:03:59]} 17. Nd4 {[%clk 00:52:43]}
{[%emt 00:03:39]} Qb6 {[%clk 00:30:07]} {[%emt 00:25:24]} 18. b3 {[%clk
00:48:36]} {[%emt 00:04:36]} Nf6 {[%clk 00:27:35]} {[%emt 00:03:02]} 19. Na4
{[%clk 00:32:35]} {[%emt 00:16:32]} Qa7 {[%clk 00:25:53]} {[%emt 00:02:11]} 20.
c3 {[%clk 00:31:38]} {[%emt 00:01:27]} Rac8 {[%clk 00:21:37]} {[%emt 00:04:46]}
21. Kh1 {[%clk 00:27:15]} {[%emt 00:04:52]} b5 {[%clk 00:15:53]} {[%emt
00:06:15]} 22. Nxe6 {[%clk 00:27:24]} {[%emt 00:00:21]} Qxf2 {[%clk 00:16:15]}
{[%emt 00:00:08]} 23. Rxf2 {[%clk 00:27:49]} {[%emt 00:00:05]} fxe6 {[%clk
00:16:38]} {[%emt 00:00:07]} 24. Nb2 {[%clk 00:28:15]} {[%emt 00:00:04]} Rxc3
{[%clk 00:16:57]} {[%emt 00:00:12]} 25. Rd1 {[%clk 00:25:52]} {[%emt 00:02:53]}
Be3 {[%clk 00:12:18]} {[%emt 00:05:08]} 26. Re2 {[%clk 00:25:49]} {[%emt
00:00:33]} Bc5 {[%clk 00:09:43]} {[%emt 00:03:05]} 27. g4 {[%clk 00:26:04]}
{[%emt 00:00:14]} h5 {[%clk 00:08:57]} {[%emt 00:01:16]} 28. g5 {[%clk
00:14:36]} {[%emt 00:11:58]} Nfd7 {[%clk 00:09:19]} {[%emt 00:00:09]} 29. Bg1
{[%clk 00:12:35]} {[%emt 00:02:30]} Kf7 {[%clk 00:04:12]} {[%emt 00:05:36]} 30.
Bxc5 {[%clk 00:08:54]} {[%emt 00:04:12]} dxc5 {[%clk 00:04:36]} {[%emt
00:00:07]} 31. Rd6 {[%clk 00:09:08]} {[%emt 00:00:16]} Ra8 {[%clk 00:04:37]}
{[%emt 00:00:28]} 32. Kh2 {[%clk 00:07:36]} {[%emt 00:02:02]} Ke7 {[%clk
00:03:55]} {[%emt 00:01:12]} 33. Rd1 {[%clk 00:04:01]} {[%emt 00:04:05]} h4
{[%clk 00:03:47]} {[%emt 00:00:38]} 34. Rf1 {[%clk 00:03:16]} {[%emt 00:01:15]}
Rf8 {[%clk 00:03:53]} {[%emt 00:00:24]} 35. Rxf8 {[%clk 00:03:21]} {[%emt
00:00:25]} Nxf8 {[%clk 00:03:30]} {[%emt 00:00:53]} 36. Nd1 {[%clk 00:01:37]}
{[%emt 00:02:13]} Rc1 {[%clk 00:01:59]} {[%emt 00:02:02]} 37. Ne3 {[%clk
00:02:01]} {[%emt 00:00:06]} Nh7 {[%clk 00:00:45]} {[%emt 00:01:45]} 38. Nf5+
{[%clk 00:02:12]} {[%emt 00:00:18]} Kf8 {[%clk 00:00:40]} {[%emt 00:00:35]} 39.
Nxh4 {[%clk 00:02:29]} {[%emt 00:00:13]} Nxg5 {[%clk 00:00:56]} {[%emt
00:00:14]} 40. Rf2+ {[%clk 00:01:17]} {[%emt 00:01:43]} Ke7 {[%clk 00:01:15]}
{[%emt 00:00:11]} 41. Kg3 {[%clk 00:01:10]} {[%emt 00:00:36]} Rc3+ {[%clk
00:01:23]} {[%emt 00:00:22]} 42. Kh2 {[%clk 00:01:30]} {[%emt 00:00:09]} Ngf7
{[%clk 00:00:49]} {[%emt 00:01:05]} 43. Bf1 {[%clk 00:01:29]} {[%emt 00:00:31]}
g5 {[%clk 00:00:48]} {[%emt 00:00:31]} 44. Ng2 {[%clk 00:01:54]} {[%emt
00:00:05]} Nd6 {[%clk 00:01:01]} {[%emt 00:00:17]} 45. Re2 {[%clk 00:01:46]}
{[%emt 00:00:38]} Nf3+ {[%clk 00:01:16]} {[%emt 00:00:16]} 46. Kh1 {[%clk
00:02:06]} {[%emt 00:00:09]} Nd4 {[%clk 00:01:39]} {[%emt 00:00:08]} 47. Re3
{[%clk 00:02:04]} {[%emt 00:00:31]} Rxe3 {[%clk 00:01:57]} {[%emt 00:00:13]} 48.
Nxe3 {[%clk 00:02:31]} {[%emt 00:00:03]} Nxe4 {[%clk 00:02:18]} {[%emt
00:00:09]} 49. Kg2 {[%clk 00:02:43]} {[%emt 00:00:18]} Nc3 {[%clk 00:02:33]}
{[%emt 00:00:15]} 50. a4 {[%clk 00:03:09]} {[%emt 00:00:04]} Nxb3 {[%clk
00:02:46]} {[%emt 00:00:16]} 0-1

[Event "Icelandic Team Championship 2021"]
[Site "Reykjavik"]
[Date "2021.10.02"]
[Round "3.2"]
[White "Bromann, Thorbjorn"]
[Black "Thorfinnsson, Bjorn"]
[Result "0-1"]
[WhiteElo "2385"]
[BlackElo "2386"]

1. d4 {[%clk 01:30:54]} {[%emt 00:00:05]} d5 {[%clk 01:30:15]} {[%emt
00:00:36]} 2. Nc3 {[%clk 01:31:17]} {[%emt 00:00:16]} c6 {[%clk 01:29:08]}
{[%emt 00:01:37]} 3. e4 {[%clk 01:22:35]} {[%emt 00:09:13]} dxe4 {[%clk
01:24:30]} {[%emt 00:05:08]} 4. Nxe4 {[%clk 01:22:42]} {[%emt 00:00:22]} Bf5
{[%clk 01:24:41]} {[%emt 00:00:19]} 5. Ng3 {[%clk 01:22:19]} {[%emt 00:00:53]}
Bg6 {[%clk 01:25:04]} {[%emt 00:00:07]} 6. c3 {[%clk 01:16:19]} {[%emt
00:06:31]} e6 {[%clk 01:24:57]} {[%emt 00:00:36]} 7. N1e2 {[%clk 01:09:54]}
{[%emt 00:06:55]} h6 {[%clk 01:23:17]} {[%emt 00:02:10]} 8. Qb3 {[%clk
01:09:47]} {[%emt 00:00:37]} Qb6 {[%clk 01:10:28]} {[%emt 00:13:20]} 9. Nf4
{[%clk 01:09:36]} {[%emt 00:00:41]} Bh7 {[%clk 01:09:03]} {[%emt 00:01:55]} 10.
Bc4 {[%clk 01:05:22]} {[%emt 00:04:43]} Nd7 {[%clk 01:03:36]} {[%emt 00:05:58]}
11. O-O {[%clk 01:03:34]} {[%emt 00:02:18]} Ngf6 {[%clk 00:59:39]} {[%emt
00:04:27]} 12. Re1 {[%clk 00:59:40]} {[%emt 00:04:23]} Qxb3 {[%clk 00:57:24]}
{[%emt 00:02:46]} 13. axb3 {[%clk 00:57:37]} {[%emt 00:02:33]} Bd6 {[%clk
00:56:37]} {[%emt 00:01:16]} 14. Nfh5 {[%clk 00:53:10]} {[%emt 00:04:56]} O-O
{[%clk 00:54:06]} {[%emt 00:03:01]} 15. Bf4 {[%clk 00:52:59]} {[%emt 00:00:41]}
Be7 {[%clk 00:52:29]} {[%emt 00:02:08]} 16. Nxf6+ {[%clk 00:50:53]} {[%emt
00:02:36]} Nxf6 {[%clk 00:50:39]} {[%emt 00:02:20]} 17. b4 {[%clk 00:50:27]}
{[%emt 00:00:55]} a6 {[%clk 00:47:58]} {[%emt 00:03:11]} 18. Ne2 {[%clk
00:41:41]} {[%emt 00:09:16]} Rfd8 {[%clk 00:47:09]} {[%emt 00:01:18]} 19. Nc1
{[%clk 00:40:25]} {[%emt 00:01:47]} Bxb4 {[%clk 00:46:02]} {[%emt 00:01:37]} 20.
Nb3 {[%clk 00:26:31]} {[%emt 00:14:24]} Bd6 {[%clk 00:44:22]} {[%emt 00:02:10]}
21. Bxd6 {[%clk 00:23:41]} {[%emt 00:03:19]} Rxd6 {[%clk 00:44:37]} {[%emt
00:00:15]} 22. Nc5 {[%clk 00:24:02]} {[%emt 00:00:08]} Rb8 {[%clk 00:44:35]}
{[%emt 00:00:33]} 23. Ra3 {[%clk 00:23:45]} {[%emt 00:00:48]} Nd7 {[%clk
00:44:01]} {[%emt 00:01:04]} 24. Rb3 {[%clk 00:22:26]} {[%emt 00:01:48]} Nxc5
{[%clk 00:44:02]} {[%emt 00:00:30]} 25. dxc5 {[%clk 00:22:50]} {[%emt
00:00:05]} Rdd8 {[%clk 00:44:26]} {[%emt 00:00:06]} 26. Kf1 {[%clk 00:12:50]}
{[%emt 00:10:31]} Kf8 {[%clk 00:42:27]} {[%emt 00:02:29]} 27. Ke2 {[%clk
00:12:09]} {[%emt 00:01:10]} Ke7 {[%clk 00:42:39]} {[%emt 00:00:19]} 28. f3
{[%clk 00:10:01]} {[%emt 00:02:39]} Kd7 {[%clk 00:41:52]} {[%emt 00:01:16]} 29.
Rd1+ {[%clk 00:09:24]} {[%emt 00:01:08]} Kc7 {[%clk 00:42:12]} {[%emt
00:00:09]} 30. Ra3 {[%clk 00:09:35]} {[%emt 00:00:19]} Rxd1 {[%clk 00:41:50]}
{[%emt 00:00:53]} 31. Kxd1 {[%clk 00:10:02]} {[%emt 00:00:02]} Rd8+ {[%clk
00:42:11]} {[%emt 00:00:09]} 32. Ke2 {[%clk 00:10:26]} {[%emt 00:00:05]} f6
{[%clk 00:42:19]} {[%emt 00:00:24]} 33. Ra1 {[%clk 00:10:35]} {[%emt 00:00:21]}
e5 {[%clk 00:38:21]} {[%emt 00:04:28]} 34. Ke3 {[%clk 00:07:36]} {[%emt
00:03:29]} Bg8 {[%clk 00:36:21]} {[%emt 00:02:30]} 35. Bd3 {[%clk 00:07:20]}
{[%emt 00:00:44]} Kd7 {[%clk 00:35:31]} {[%emt 00:01:22]} 36. Ra4 {[%clk
00:06:40]} {[%emt 00:01:11]} Be6 {[%clk 00:35:03]} {[%emt 00:00:58]} 37. Rb4
{[%clk 00:06:41]} {[%emt 00:00:28]} Kc7 {[%clk 00:35:28]} {[%emt 00:00:06]} 38.
Bc2 {[%clk 00:06:50]} {[%emt 00:00:21]} Bc8 {[%clk 00:34:26]} {[%emt 00:01:31]}
39. Ra4 {[%clk 00:03:19]} {[%emt 00:04:01]} Rd5 {[%clk 00:33:37]} {[%emt
00:01:20]} 40. b4 {[%clk 00:03:44]} {[%emt 00:00:05]} Rd8 {[%clk 00:32:12]}
{[%emt 00:01:54]} 41. Ra1 {[%clk 00:04:09]} {[%emt 00:00:05]} Be6 {[%clk
00:31:33]} {[%emt 00:01:09]} 42. Bd3 {[%clk 00:03:57]} {[%emt 00:00:42]} Kd7
{[%clk 00:31:04]} {[%emt 00:01:00]} 43. Rd1 {[%clk 00:00:35]} {[%emt 00:03:51]}
Ke7 {[%clk 00:31:11]} {[%emt 00:00:22]} 44. Be2 {[%clk 00:00:32]} {[%emt
00:00:33]} Ra8 {[%clk 00:30:08]} {[%emt 00:01:33]} 45. Ra1 {[%clk 00:00:38]}
{[%emt 00:00:24]} f5 {[%clk 00:30:03]} {[%emt 00:00:35]} 46. g3 {[%clk
00:00:33]} {[%emt 00:00:36]} g5 {[%clk 00:30:20]} {[%emt 00:00:12]} 47. Kf2
{[%clk 00:00:31]} {[%emt 00:00:32]} Rd8 {[%clk 00:28:25]} {[%emt 00:02:25]} 48.
Rd1 {[%clk 00:00:54]} {[%emt 00:00:07]} Bd5 {[%clk 00:28:38]} {[%emt 00:00:18]}
49. Ke3 {[%clk 00:00:35]} {[%emt 00:00:49]} Re8 {[%clk 00:28:11]} {[%emt
00:00:56]} 50. Kf2 {[%clk 00:00:41]} {[%emt 00:00:24]} Rf8 {[%clk 00:27:15]}
{[%emt 00:01:25]} 51. Rd2 {[%clk 00:00:40]} {[%emt 00:00:32]} f4 {[%clk
00:26:33]} {[%emt 00:01:12]} 52. gxf4 {[%clk 00:00:32]} {[%emt 00:00:38]} Rxf4
{[%clk 00:26:54]} {[%emt 00:00:09]} 53. Ke3 {[%clk 00:00:31]} {[%emt 00:00:30]}
h5 {[%clk 00:25:16]} {[%emt 00:02:08]} 54. Rb2 {[%clk 00:00:31]} {[%emt
00:00:30]} Bc4 {[%clk 00:23:55]} {[%emt 00:01:50]} 55. Bd1 {[%clk 00:00:35]}
{[%emt 00:00:27]} Rh4 {[%clk 00:24:13]} {[%emt 00:00:13]} 56. Rg2 {[%clk
00:00:40]} {[%emt 00:00:25]} Kf6 {[%clk 00:24:29]} {[%emt 00:00:13]} 57. Rd2
{[%clk 00:00:34]} {[%emt 00:00:36]} Bd5 {[%clk 00:24:53]} {[%emt 00:00:06]} 58.
Kd4 {[%emt 00:00:43]} 0-1

[Event "Icelandic Team Championship 2021"]
[Site "Reykjavik"]
[Date "2021.10.02"]
[Round "3.3"]
[White "Gunnarsson, Jon Viktor"]
[Black "Karlsson, Bjorn-Ivar"]
[Result "1-0"]
[WhiteElo "2436"]
[BlackElo "2313"]

1. Nf3 {[%clk 01:30:57]} {[%emt 00:00:02]} d5 {[%clk 01:30:19]} {[%emt
00:00:42]} 2. e3 {[%clk 01:31:20]} {[%emt 00:00:08]} Nf6 {[%clk 01:29:12]}
{[%emt 00:01:37]} 3. c4 {[%clk 01:31:42]} {[%emt 00:00:07]} e6 {[%clk
01:28:43]} {[%emt 00:01:00]} 4. b3 {[%clk 01:31:56]} {[%emt 00:00:15]} Be7
{[%clk 01:28:56]} {[%emt 00:00:17]} 5. Bb2 {[%clk 01:31:22]} {[%emt 00:01:04]}
O-O {[%clk 01:28:24]} {[%emt 00:01:02]} 6. Nc3 {[%clk 01:31:04]} {[%emt
00:00:48]} b6 {[%clk 01:21:14]} {[%emt 00:07:40]} 7. cxd5 {[%clk 01:20:45]}
{[%emt 00:10:49]} exd5 {[%clk 01:20:18]} {[%emt 00:01:26]} 8. d4 {[%clk
01:21:03]} {[%emt 00:00:11]} Bb7 {[%clk 01:19:34]} {[%emt 00:01:14]} 9. Bd3
{[%clk 01:14:53]} {[%emt 00:06:40]} Nbd7 {[%clk 01:13:39]} {[%emt 00:06:26]} 10.
Qc2 {[%clk 01:10:51]} {[%emt 00:04:32]} Re8 {[%clk 01:07:23]} {[%emt 00:06:46]}
11. Ne5 {[%clk 01:04:24]} {[%emt 00:06:57]} a6 {[%clk 01:04:02]} {[%emt
00:03:52]} 12. O-O {[%clk 01:03:11]} {[%emt 00:01:43]} Bd6 {[%clk 00:59:42]}
{[%emt 00:04:49]} 13. f4 {[%clk 01:01:01]} {[%emt 00:02:41]} c5 {[%clk
00:57:55]} {[%emt 00:02:17]} 14. Na4 {[%clk 00:55:45]} {[%emt 00:05:47]} Nf8
{[%clk 00:38:05]} {[%emt 00:20:19]} 15. dxc5 {[%clk 00:53:28]} {[%emt
00:02:47]} Rc8 {[%clk 00:31:53]} {[%emt 00:06:43]} 16. b4 {[%clk 00:45:39]}
{[%emt 00:08:18]} bxc5 {[%clk 00:29:33]} {[%emt 00:02:50]} 17. Nxc5 {[%clk
00:42:39]} {[%emt 00:03:30]} Bxc5 {[%clk 00:24:57]} {[%emt 00:05:06]} 18. bxc5
{[%clk 00:42:56]} {[%emt 00:00:12]} Ne6 {[%clk 00:25:22]} {[%emt 00:00:05]} 19.
c6 {[%clk 00:39:23]} {[%emt 00:04:04]} Qd6 {[%clk 00:14:13]} {[%emt 00:11:39]}
20. Rac1 {[%clk 00:38:47]} {[%emt 00:01:07]} Nd8 {[%clk 00:10:51]} {[%emt
00:03:51]} 21. Bf5 {[%clk 00:33:38]} {[%emt 00:05:38]} Rxc6 {[%clk 00:09:34]}
{[%emt 00:01:48]} 22. Nxc6 {[%clk 00:34:00]} {[%emt 00:00:08]} Bxc6 {[%clk
00:09:22]} {[%emt 00:00:41]} 23. Be5 {[%clk 00:33:35]} {[%emt 00:00:54]} Qe7
{[%clk 00:09:34]} {[%emt 00:00:18]} 24. Qc5 {[%clk 00:32:38]} {[%emt 00:01:28]}
Qxc5 {[%clk 00:09:20]} {[%emt 00:00:44]} 25. Rxc5 {[%clk 00:33:04]} {[%emt
00:00:04]} Bb5 {[%clk 00:09:44]} {[%emt 00:00:06]} 26. Rd1 {[%clk 00:32:29]}
{[%emt 00:01:04]} Ne6 {[%clk 00:09:42]} {[%emt 00:00:33]} 27. Bxe6 {[%clk
00:28:31]} {[%emt 00:04:28]} fxe6 {[%clk 00:09:52]} {[%emt 00:00:20]} 28. Rc7
{[%clk 00:28:37]} {[%emt 00:00:25]} Rd8 {[%clk 00:07:48]} {[%emt 00:02:34]} 29.
Rdc1 {[%clk 00:27:37]} {[%emt 00:01:30]} Bc4 {[%clk 00:07:53]} {[%emt
00:00:25]} 30. a4 {[%clk 00:27:37]} {[%emt 00:00:30]} Ne8 {[%clk 00:07:58]}
{[%emt 00:00:24]} 31. Re7 {[%clk 00:27:09]} {[%emt 00:00:58]} Kf8 {[%clk
00:08:06]} {[%emt 00:00:21]} 32. Rxe6 {[%clk 00:27:30]} {[%emt 00:00:09]} Kf7
{[%clk 00:05:49]} {[%emt 00:02:47]} 33. Rc6 {[%clk 00:25:59]} {[%emt 00:02:01]}
Nf6 {[%clk 00:05:41]} {[%emt 00:00:38]} 34. Rc7+ {[%clk 00:24:49]} {[%emt
00:01:41]} Kg6 {[%clk 00:05:50]} {[%emt 00:00:20]} 35. g4 {[%clk 00:24:10]}
{[%emt 00:01:10]} Nxg4 {[%clk 00:05:25]} {[%emt 00:00:54]} 36. Rxg7+ {[%clk
00:24:34]} {[%emt 00:00:06]} Kh5 {[%clk 00:05:48]} {[%emt 00:00:07]} 37. Rxh7+
{[%clk 00:24:57]} {[%emt 00:00:07]} Kg6 {[%clk 00:06:11]} {[%emt 00:00:06]} 38.
Rg7+ {[%clk 00:25:19]} {[%emt 00:00:07]} Kh5 {[%clk 00:06:36]} {[%emt
00:00:06]} 39. Bd4 {[%clk 00:23:59]} {[%emt 00:01:49]} Rb8 {[%clk 00:06:28]}
{[%emt 00:00:38]} 40. Kg2 {[%clk 00:21:43]} {[%emt 00:02:46]} Rb3 {[%clk
00:04:01]} {[%emt 00:02:58]} 41. Re1 {[%clk 00:21:49]} {[%emt 00:00:23]} Nh6
{[%clk 00:03:51]} {[%emt 00:00:39]} 42. Kh3 {[%clk 00:21:42]} {[%emt 00:00:37]}
1-0